| 000 | 00949cam a22003013a 4500 | ||
|---|---|---|---|
| 001 | 23676 | ||
| 003 | PGUSA | ||
| 005 | 20140828083514.0 | ||
| 008 | 071202s2007||||xxu|||||s|||||000 | eng d | ||
| 040 |
_aPGUSA _beng |
||
| 042 | _adc | ||
| 050 | 4 | _aPR | |
| 100 | 1 |
_aShakespeare, William, _d1564-1616 |
|
| 245 | 1 | 0 |
_aTitus Andronicus _h[electronic resource] / _cWilliam Shakespeare |
| 260 |
_bProject Gutenberg, _c2007 |
||
| 506 | _aPublic domain in the USA. | ||
| 516 | _aElectronic text | ||
| 653 | _aAndronicus, Titus (Legendary character) -- Drama | ||
| 653 | _aTragedies | ||
| 653 | _aHistorical drama | ||
| 653 | _aGenerals -- Drama | ||
| 653 | _aGoths -- Drama | ||
| 653 | _aRome -- History -- Germanic invasions, 3rd-6th centuries -- Drama | ||
| 700 | 1 |
_aBurgersdijk, L. A. J. _q(Leendert Alexander Johannes), _d1828-1900 |
|
| 830 | 0 |
_aProject Gutenberg _v23676 |
|
| 856 | 4 | 0 | _uhttp://www.gutenberg.org/ebooks/23676 |
| 942 | _cEB | ||
| 999 |
_c252931 _d252931 |
||